LEADER 00912nam0 2200265 450 001 000014154 005 20080708103430.0 100 $a20080708d1979----km-y0itay50------ba 101 0 $aita 102 $aIT 105 $ay-------001yy 200 1 $aEfficienza e rapporti sociali di produzione$econtributo alla critica della concezione tradizionale dell'economia comunista$fCarlo Boffito 210 $aTorino$cEinaudi$d1979 215 $aVII, 119 p.$d21 cm 225 2 $aEinaudi paperbacks 410 0$12001$aEinaudi paperbacks 610 1 $aEconomia comunista 676 $a335.4$v20$9Sistemi marxisti 676 $a335.412$v20$9Sistemi marxisti. Concetti economici 700 1$aBoffito,$bCarlo$0120512 801 0$aIT$bUNIPARTHENOPE$c20080708$gRICA$2UNIMARC 912 $a000014154 951 $a052/33$b4020$cNAVA2$d2008 996 $aEfficienza e rapporti sociali di produzione$9195881 997 $aUNIPARTHENOPE LEADER 01140nam a2200313 i 4500 001 991003096909707536 008 071207s2004 it b 000 0 ita d 020 $a881700040X 035 $ab13628835-39ule_inst 040 $aDip.to Filologia Class. e Scienze Filosofiche$bita 041 1 $aita$alat$hlat 082 0 $a872 100 1 $aPlautus, Titus Maccius$0166580 245 10$aMercator /$cTito Maccio Plauto ; prefazione di Cesare Questa ; introduzione di Guido Paduano ; traduzione di Mario Scāndola 260 $a[Milano] :$b BUR,$c2004 300 $a201 p. ;$c18 cm 440 0$aBUR.$pClassici greci e latini 500 $aTesto latino a fronte 504 $aBibliografia : [89]-94 600 14$aPlauto, Tito Maccio.$tMercator 700 1 $aQuesta, Cesare 700 1 $aPaduano, Guido 700 1 $aScāndola, Mario 907 $a.b13628835$b02-04-14$c07-12-07 912 $a991003096909707536 945 $aLE007 BUR LAT Plautus 12$g1$i2007000135013$lle007$op$pE8.00$q-$rn$so $t0$u2$v0$w2$x0$y.i1463031x$z07-12-07 996 $aMercator$919611 997 $aUNISALENTO 998 $ale007$b07-12-07$cm$da $e-$fita$git $h0$i0